000 00527cas a22001935a 4500
001 L138877
008 070717d19851995xxkar p 0 a0eng u
035 _a(Sirsi) u138877
041 0 _aeng
240 _aLondon Review
245 0 4 _aThe London Boroughs
_ban Estates Times Supplement
260 _aLondon
_bEstates Times
_c[1985]-1995
362 0 _aNovember 1985-28 July 1995
554 _aOne per year
651 4 _aLondon
690 _aPROPERTY-COMMERCIAL PROPERTY
785 0 0 _tProperty Week
_x0969-7594
942 _n0
999 _c119053
_d119053